000 01106nam a22003377a 4500
001 0004532
003 KOHA_MİRAKIL
005 20260207001416.0
007 ta
008 090508b1998 tu |||gr||||#||||1|tur |
020 _a9751108039
_c0,01
040 _aTR-BiSEU
_btur
_cTR-BiSEU
_erda
041 0 _atur
044 _ctu
050 _aPL56.9.I85
_bA36 1998
245 0 _aAhmet Yesevi (Hikmetleri)/
_chazırayan İbrahim Hakkulov; çeviren Erhan Sezai Toplu.
264 1 _aAnkara :
_bM.E.B.,1998.
_c1998
300 _a330 sayfa; 23 cm.
336 _ametin
_btxt
_2rdacontent
337 _aaracısız
_bn
_2rdamedia
338 _acilt
_bnc
_2rdacarrier
490 0 _aMilli Eğitim Bakanlığı yayınları :2666.
490 0 _aBilim ve Kültür eserleri dizisi : 721.
490 0 _aTürk dünyasından seçmeler dizisi : 6.
650 0 _aİslam.
_93268
650 0 _aIslam.
_93267
830 0 _aMilli Eğitim Bakanlığı yayınları :2666.
_911155
830 0 _aBilim ve Kültür eserleri dizisi : 721.
_911156
830 0 _aTürk dünyasından seçmeler dizisi : 6.
_911157
942 _2lcc
_cBK
999 _c4514
_d4514